Jeromín. Estudio históricos sobre el siglo XVI
Saved in:
| Hovedforfatter: | |
|---|---|
| Format: | Bog |
| Sprog: | spansk |
| Udgivet: |
Bilbao
El Mensajero del Corazón de Jesús
1915
|
| Fag: | |
| Tags: |
Tilføj Tag
Ingen Tags, Vær først til at tagge denne postø!
|
MARC
| LEADER | 00000nam a2200000 a 4500 | ||
|---|---|---|---|
| 001 | UCI5122 | ||
| 003 | CL-VaPUC | ||
| 008 | 080314e19150000SP |||||||||||||||||spa|d | ||
| 082 | 0 | 4 | |a 863 |b COL |2 21 |
| 100 | 0 | |a Coloma, Luis |e author |9 376892 | |
| 245 | 1 | 0 | |a Jeromín. Estudio históricos sobre el siglo XVI |
| 300 | |a 584 p | ||
| 942 | |c BK | ||
| 945 | |d 20080314 00:00:00 |a rbrito | ||
| 260 | |a Bilbao |b El Mensajero del Corazón de Jesús |c 1915 | ||
| 500 | |a Donación Padres Capuchinos | ||
| 600 | 0 | 7 | |a NOVELAS ESPAÑOLAS |2 CL-VaPUC |9 527225 |
| 583 | |a last modification |c 20080314 00:00:00 |k Rodrigo Vera | ||
| 999 | |c 328885 |d 328883 | ||
| 952 | |0 0 |1 0 |4 0 |6 863_000000000000000_COL_1915 |7 0 |8 X |9 413067 |a FDOBUD |b FDOBUD |d 2019-11-22 |i 4409353 |o 863 COL 1915 |p 4409353 |r 2019-11-22 |w 2019-11-22 |y BK_X |k BUD | ||